000 00329nam a22001217a 4500
005 20250821090638.0
008 250821b |||||||| |||| 00| 0 eng d
082 _a005
_bZHA-M
100 _aZhang and Sheng
245 _aManaging Data From Knowledge Bases: Querying and Extraction
650 _aComputer Science & IT
999 _c37045
_d37045